CSGO All weapons and Tools - Statistics

General Stats
  • This quiz has been taken 138 times
  • The average score is 31 of 61
Answer Stats
Hint Answer % Correct
Rifle AK-47
87%
Pistol Desert Eagle
86%
Pistol USP-S
86%
Pistol Glock 18
85%
Pistol P250
84%
Mission Gear Heavy Assault Suit (CT/T)
81%
Rifle M4A4
80%
Pistol P2000
80%
Rifle AWP
79%
Rifle M4A1-S
78%
Heavy Negev
78%
Pistol Tec-9
78%
Pistol Five-Seven
77%
Grenades Flashbang
74%
Grenades Molotov
74%
SMG MP9
74%
SMG P90
74%
Rifle AUG
73%
Rifle FAMAS
73%
SMG MP7
71%
SMG MAC-10
70%
Rifle Galil AR
68%
Grenades Smoke Grenade
68%
Heavy Nova
67%
Pistol CZ75
65%
Heavy M249
65%
SMG UMP-45
65%
SMG PP-Bizon
64%
Heavy MAG-7
63%
Heavy Sawed-Off
63%
Pistol R8 Revolver
62%
Rifle SCAR-20
62%
Rifle SSG 08
62%
Grenades Decoy Grenade
60%
Rifle SG 553
60%
Gear Defuse Kit
56%
Rifle G3SG1
48%
Grenades Incendiary Grenade
48%
SMG MP5-SD
46%
Heavy XM1014
46%
Pistol Dual Berretas
43%
Gear Zeus x27
33%
Danger Zone Grenades Frag Grenade
32%
Gear Kevlar + Helmet
30%
Gear Kevlar Vest
26%
Danger Zone Melees Hammer
20%
Danger Zone Melees Axe
18%
Gear Rescue Kit
16%
Danger Zone Melees Wrench/Spanner
13%
Danger Zone Melees Fists
11%
Danger Zone Tools Parachute
11%
Danger Zone Tools Tablet
11%
Danger Zone Tools Bump Mine
9%
Danger Zone Grenades FireBomb
9%
Danger Zone Tools Ballistic Shield
8%
Mission Gear Medi-Shot
7%
Danger Zone Grenades Diversion Device
6%
Danger Zone Tools ExoJump Boots
6%
Mission Gear Tactical Awareness Grenade
4%
Grenades High Explosives Grenade
3%
Danger Zone Tools Scout Drone
1%
No matching quizzes found
Score Distribution
Percent of People with Each Score
Percentile by Number Answered
Your Score History
You have not taken this quiz